| 000 | 00700 a2200169 4500 | ||
|---|---|---|---|
| 003 | NUST | ||
| 005 | 20221205144651.0 | ||
| 040 | _cNust | ||
| 082 | _a070.572,SER | ||
| 100 |
_aUMI _9104156 |
||
| 245 |
_aSerials in Microform 98 / _bGatalogue |
||
| 250 | _aInternational ed | ||
| 260 |
_aUSA _bUMI |
||
| 300 | _a1998p .: | ||
| 505 | _aIntroduction (Page-4), How To Order (Page-7), Filming Policies (Page-10), Helpful Information (Page-11), Specifications (Page-12), Serial In Microform (Page-13), Using This Section (Page-15), Entry Abbreviations (Page-18), Quarterly Periodical Titles (Page-19), New Periodical Titles (Page-24), Index Listin Periodicals (Page-32). | ||
| 942 |
_2ddc _cBK _k070.572,SER |
||
| 999 |
_c193664 _d193664 |
||